00262 a2200121 4500001000700000020000600007040001100013100002700024240003700051245003200088362000900120440001100129179828 a  cMagnum aFaria, Ana Lucia G. de10aIdeologia no livro didaticolpor10aIdeologia no livro didatico0 a1899 1aCortez